000 00517nam a2200193Ia 4500
005 20250326145622.0
008 250326s9999 xx 000 0 und d
037 _aTextbook
040 _aFMSL
_beng
_cFMSL
041 _aeng
_2eng
084 _aX65 Q0
_qFMSL
100 _aFabozzi F J
245 0 _aBond markets, analysis and strategies
_cFabozzi F J
260 _aNY
_bNY, Prentice Hall
_c2010
365 _aUSD
_b233.33
650 _aManagement
942 _cTB
_hX65 Q0
999 _c1308196
_d1308196